000 00696cam a22002657a 4500
003 OSt
005 20251017113144.0
008 140528s2012 enka 001 0 eng
020 _a9781898563716
040 _cSTCPL
041 _aENG
082 _a546
_bSLA-C
100 1 _aSiekierski, Sławomir
100 1 _aBurgess, John
245 1 0 _aConcise chemistry of the elements /
_cby Slawomir Siekierski and John Burgess
260 _aOxford :
_bWoodhead Publishing Ltd. ,
_cc2012.
300 _ax, 198 p.
_bHB
650 0 _aChemistry
650 0 _aInorganic chemistry
650 7 _aChemical elements
650 7 _aPeriodic law
942 _cBK
942 _2ddc
942 _2ddc
999 _c87205
_d87205